000 00490nam a2200181Ia 4500
005 20250508154943.0
008 008 250505s9999 xx 000 0 eng d
037 _aTextual
040 _aFEDL
_beng
_cFEDL
041 _aeng
_2eng
084 _a378.54, UNI
_qFEDL
245 0 _aReport of the university grants commission , December 1953 - March 1957
245 0 _cU G C
260 _c1958
300 _a37p.
942 _cTEXL
_h378.54, UNI
999 _c1353088
_d1353088